| 000 | nam a22 a 4500 | ||
|---|---|---|---|
| 999 |
_c1153 _d1153 |
||
| 003 | AKMAL | ||
| 005 | 20170508144240.0 | ||
| 008 | 170508s1993 my a00 may d | ||
| 020 |
_a9836237747 (kkt.): _cRM 8.00 |
||
| 040 |
_aAKMAL _cAKMAL |
||
| 049 | _aklpmal | ||
| 082 | 0 | 4 | _a297.4092 ZAK |
| 090 |
_a297.4092 _bZAK |
||
| 100 |
_aZakaria bin Stapa _92351 |
||
| 245 | 1 | 0 |
_aIbnu Arabi : _btokoh sufi 560H/638H - 1165M/1240M / _cZakaria Bin Stapa |
| 260 |
_aKuala Lumpur : _bDewan Bahasa dan Pustaka, _c1993 |
||
| 300 |
_axv, 126ms. ; _c22cm |
||
| 504 | _aBibliografi : ms. 115-118 | ||
| 600 | 0 |
_aIbn al-'Arabi, _d1165-1240 _92352 |
|
| 650 |
_aSufis _xBiography _91998 |
||
| 942 |
_2ddc _cBOOK |
||